| 000 | 01096cam a22003254a 4500 | ||
|---|---|---|---|
| 001 | 1824 | ||
| 003 | FISKH | ||
| 005 | 20231006090051.0 | ||
| 008 | 010503s2002 nyua b b 001 0 eng | ||
| 010 | _a 2001002686 | ||
| 020 | _a0516225510 | ||
| 040 |
_aDLC _cDLC _dDLC _beng |
||
| 042 |
_apcc _alcac |
||
| 050 | 0 | 0 |
_aQC73.4 _b.M87 2002 |
| 082 | 0 | 0 |
_a531/.6 _221 |
| 100 | 1 |
_aMurphy, Patricia J. _d1963- |
|
| 245 | 1 | 0 |
_aPush and pull / _cby Patricia J. Murphy. |
| 260 |
_aNew York : _bScholastic, _c2002. |
||
| 300 |
_a31 pages : _bcolor illustrations ; _c18 cm |
||
| 440 | 0 | _aRookie read-about science | |
| 505 | _aN | ||
| 520 | _aSimple text and photographs describe and illustrate push and pull movement. | ||
| 521 | 8 |
_a570
_bLexile |
|
| 521 | 8 |
_aN
_bRaz-Plus |
|
| 650 | 0 |
_aForce and energy _vJuvenile literature. |
|
| 650 | 1 | _aForce and energy. | |
| 906 |
_a7 _bcbc _corignew _d1 _eecip _f20 _gy-gencatlg |
||
| 942 |
_2ddc _cBK _n0 |
||
| 999 |
_c1824 _d1824 |
||